The Voltage Effect How to Make Good Ideas Great and Great Ideas Scale

Saved in:
Bibliographic Details
Main Author: List, John A.
Format: Book
Language:English
Published: London Penguin Business 2022
Subjects:
Tags: Add Tag
No Tags, Be the first to tag this record!

MARC

LEADER 00000nam a2200000 4500
001 0283418
005 20240416114150.4
020 |a 978-0-241-55684-9 
041 0 |a eng 
044 |a GB 
245 1 0 |a The Voltage Effect  |b How to Make Good Ideas Great and Great Ideas Scale  |c John A. List 
264 1 |a London  |b Penguin Business  |c 2022 
300 |a 265 s. 
610 2 0 |a podnikanie 
610 2 0 |a podnik obchodný 
610 2 0 |a rozvoj podniku 
610 2 0 |a politika podniková 
610 2 0 |a stratégia podnikateľská 
100 1 |a List, John A.